Reed'S Vol. 10: instrumentation and control systems / (Record no. 1609)
[ view plain ]
| 000 -LEADER | |
|---|---|
| fixed length control field | 00474nam a2200157 4500 |
| 008 - FIXED-LENGTH DATA ELEMENTS--GENERAL INFORMATION | |
| fixed length control field | 200127b ||||| |||| 00| 0 eng d |
| 082 00 - DEWEY DECIMAL CLASSIFICATION NUMBER | |
| Classification number | 623.85 |
| Item number | J124 |
| 100 ## - MAIN ENTRY--PERSONAL NAME | |
| 9 (RLIN) | 1242 |
| Personal name | Jackson, Leslie |
| 245 10 - TITLE STATEMENT | |
| Title | Reed'S Vol. 10: instrumentation and control systems / |
| 250 ## - EDITION STATEMENT | |
| Edition statement | 2nd ed. |
| 260 ## - PUBLICATION, DISTRIBUTION, ETC. (IMPRINT) | |
| Place of publication, distribution, etc | London |
| Name of publisher, distributor, etc | Thomas Reed |
| Date of publication, distribution, etc | 1975 |
| 300 ## - PHYSICAL DESCRIPTION | |
| Extent | 262 p. |
| 490 0# - SERIES STATEMENT | |
| Series statement | Reed's Marine Engineering Series |
| Volume number/sequential designation | Vol. 10 |
| 650 #0 - SUBJECT ADDED ENTRY--TOPICAL TERM | |
| Topical term or geographic name as entry element | Engineering Instruments |
| 942 ## - ADDED ENTRY ELEMENTS (KOHA) | |
| Source of classification or shelving scheme | |
| Item type | Books |
| Withdrawn status | Lost status | Source of classification or shelving scheme | Damaged status | Not for loan | Permanent location | Current location | Date acquired | Full call number | Barcode | Date last seen | Koha item type | Source of acquisition | Cost, replacement price |
|---|---|---|---|---|---|---|---|---|---|---|---|---|---|
| IMU Kolkata | IMU Kolkata | 2020-01-27 | 623.85 J124 | 04508 | 2020-01-27 | Books | |||||||
| IMU Kolkata | IMU Kolkata | 2002-09-10 | 623.85 J124 | 09419 | 2020-02-11 | Books | Sterling Book House | 1184.22 | |||||
| IMU Kolkata | IMU Kolkata | 2020-03-05 | 623.85 J124 | 04752 | 2020-03-05 | Books | |||||||
| IMU Kolkata | IMU Kolkata | 2020-03-05 | 623.85 J124 | 04753 | 2020-03-05 | Books | |||||||
| IMU Kolkata | IMU Kolkata | 2020-03-06 | 623.85 J124 | 04763 | 2020-03-06 | Books | |||||||
| IMU Kolkata | IMU Kolkata | 2020-03-06 | 623.85 J124 | 04764 | 2020-03-06 | Books | |||||||
| IMU Kolkata | IMU Kolkata | 2020-03-06 | 623.85 J124 | 04765 | 2020-03-06 | Books | |||||||
| IMU Kolkata | IMU Kolkata | 1980-09-19 | 623.85 J124 | 05169 | 2020-03-19 | Books | |||||||
| IMU Kolkata | IMU Kolkata | 1980-09-19 | 623.85 J124 | 05170 | 2020-03-19 | Books |